| 000 | 01101nam a2200277 i 4500 | ||
|---|---|---|---|
| 003 | IT-RoINE | ||
| 005 | 20190502110136.0 | ||
| 008 | 950424s1992 it r 100 0 ita d | ||
| 020 | _a8825000871 | ||
| 040 |
_aUPCO _cIT-RoINE |
||
| 111 | 2 |
_aCorso di aggiornamento per i docenti di teologia dogmatica _n(1º. _d1991. _cRoma, Italia) _956648 |
|
| 245 | 1 | 3 |
_aLa cristología contemporánea / _ca cura di Giovanni Iammarrone. |
| 260 |
_aPadova : _bMessaggero di S. Antonio, _c1992. |
||
| 300 |
_a441 p. ; _c21 cm. |
||
| 336 |
_2rdacontent _atext |
||
| 337 |
_2rdamedia _aunmediated |
||
| 338 |
_2rdacarrier _avolume |
||
| 490 | 0 |
_aStudi religiosi ; _v13 |
|
| 500 | _aRecoge las ponencias del 1º Corso di aggiornamento per i docenti di teologia dogmatica realizado en Roma 2-5 enero 1991. | ||
| 500 | _aPrecede al tít.: Associazione Teologica Italiana | ||
| 650 | 4 |
_94231 _aCristología _vCongresos |
|
| 700 | 1 |
_aIammarrone, Giovanni, _d1941-2011 _93661 |
|
| 710 | 2 |
_934832 _aAssociazione teologica italiana (Roma, italia) |
|
| 830 | 0 |
_956643 _aStudi religiosi (Messaggero) ; _v13 |
|
| 942 | _cMTS | ||
| 999 |
_c1863 _d1863 |
||